La oscuridad no miente (Record no. 19334)
[ view plain ]
| 000 -LEADER | |
|---|---|
| campo de control de longitud fija | 00764nam a2200229 i 4500 |
| 001 - NÚMERO DE CONTROL | |
| campo de control | 19334 |
| 003 - IDENTIFICADOR DE NÚMERO DE CONTROL | |
| campo de control | ES-MaACL |
| 005 - FECHA Y HORA DE LA ÚLTIMA TRANSACCIÓN | |
| campo de control | 20230906152053.0 |
| 007 - CAMPO FIJO DE DESCRIPCIÓN FÍSICA--INFORMACIÓN GENERAL | |
| campo de control de longitud fija | t| |
| 008 - DATOS DE LONGITUD FIJA--INFORMACIÓN GENERAL | |
| campo de control de longitud fija | 020730s2002 sp ||||1| spa d |
| 020 ## - NÚMERO INTERNACIONAL ESTÁNDAR DEL LIBRO | |
| Número Internacional Estándar del Libro | 84-306-0454-5 |
| 080 ## - NÚMERO DE LA CLASIFICACIÓN DECIMAL UNIVERSAL | |
| Número de la Clasificación Decimal Universal | 1(081) Bataille, Georges |
| 100 1# - ENTRADA PRINCIPAL--NOMBRE DE PERSONA | |
| Nombre de persona | Bataille, Georges. |
| 9 (RLIN) | 26391 |
| 245 13 - MENCIÓN DEL TÍTULO | |
| Título | La oscuridad no miente |
| Resto del título | : textos y apuntes para la continuación de la "Summa ateológica" / |
| Mención de responsabilidad, etc. | Georges Bataille ; selección, traducción y epílogo de Ignacio Díaz de la Serna. |
| 260 ## - PUBLICACIÓN, DISTRIBUCIÓN, ETC. | |
| Lugar de publicación, distribución, etc. | Madrid : |
| Nombre del editor, distribuidor, etc. | Taurus, |
| Fecha de publicación, distribución, etc. | [2002] |
| 300 ## - DESCRIPCIÓN FÍSICA | |
| Extensión | 254 p. ; |
| Dimensiones | 22 cm. |
| 490 1# - MENCIÓN DE SERIE | |
| Mención de serie | Pensamiento |
| 700 1# - ENTRADA AGREGADA--NOMBRE PERSONAL | |
| Nombre de persona | Díaz de la Serna, Ignacio. |
| 9 (RLIN) | 44235 |
| 830 0# - PUNTO DE ACCESO ADICIONAL DE SERIE-TÍTULO UNIFORME | |
| Título uniforme | Pensamiento |
| 9 (RLIN) | 178722 |
| 852 ## - LOCALIZACIÓN | |
| Ubicación | ES-MaACL |
| Número de control de estantería | L-25802 |
| Sublocalización o colección | R.131491 |
| Estatus retirado | Estado de pérdida | Estado de daño | No para préstamo | Biblioteca de origen | Biblioteca actual | Ubicación en estantería | Fecha de adquisición | Fuente de adquisición | Total de préstamos | Signatura topográfica completa | Código de barras | Visto por última vez | Precio de reemplazo | Tipo de ítem Koha |
|---|---|---|---|---|---|---|---|---|---|---|---|---|---|---|
| Biblioteca del Ateneo de Madrid | Biblioteca del Ateneo de Madrid | Depósito 2 | 17/01/2008 | L-25802 | 1019782 | 23/02/2023 | 23/02/2023 | Libro impreso |
